000 00782nam a22002177a 4500
005 20120828154011.0
008 120828t xxu||||| |||| 00| 0 eng d
010 _aENG-105675
020 _a9788182473287
_c695.00
035 _aEN-89208
037 _bDBAD/PUB
040 _aDPL
_bEng
082 _a620.5
100 _aKakkar, Ajay
_951679
245 _aKnow all about nanotechnology /
_cby Ajay Kakkar
_bthe fuel of future /
260 _aPanchkula
_bHoliday Book Store
_c2012
270 _aS.C.O. 43, First Floor, Swastik Vihar MDC
_bPanchkula
300 _a262p.
_c22cm(Hb)
942 _2ddc
_cEN
_h620.5
_mKAK
999 _c69473
_d69473